<?xml version="1.0" encoding="UTF-8"?>
<record
    xmlns:xsi="http://www.w3.org/2001/XMLSchema-instance"
    xsi:schemaLocation="http://www.loc.gov/MARC21/slim http://www.loc.gov/standards/marcxml/schema/MARC21slim.xsd"
    xmlns="http://www.loc.gov/MARC21/slim">

  <leader>03401cam a2200277   4500500</leader>
  <controlfield tag="005">20250112021306.0</controlfield>
  <datafield tag="041" ind1=" " ind2=" ">
    <subfield code="a">fre</subfield>
  </datafield>
  <datafield tag="042" ind1=" " ind2=" ">
    <subfield code="a">dc</subfield>
  </datafield>
  <datafield tag="100" ind1="1" ind2="0">
    <subfield code="a">Montigny, Gilles</subfield>
    <subfield code="e">author</subfield>
  </datafield>
  <datafield tag="245" ind1="0" ind2="0">
    <subfield code="a">Ren&#xE9; Maunier, un durkheimien &#x2018;p&#xE9;riph&#xE9;rique&#x2019;</subfield>
  </datafield>
  <datafield tag="260" ind1=" " ind2=" ">
    <subfield code="c">2024.
							</subfield>
  </datafield>
  <datafield tag="500" ind1=" " ind2=" ">
    <subfield code="a">55</subfield>
  </datafield>
  <datafield tag="520" ind1=" " ind2=" ">
    <subfield code="a">R&#xE9;sum&#xE9; Ren&#xE9; Maunier (1887&#x2013;1951), va d&#xE9;velopper un int&#xE9;r&#xEA;t pour les pays &#xE9;trangers et les cultures locales, suite &#xE0; une affectation au Caire, puis &#xE0; Alger. Professeur d&#x2019;&#xE9;conomie et de l&#xE9;gislation coloniales, &#xE0; partir de 1922, occupant des postes dans l'administration coloniale, il se sp&#xE9;cialise en &#x2018;sociologie alg&#xE9;rienne&#x2019;. Effectuant des voyages d&#x2019;&#xE9;tudes sur le terrain, il devient l'un des meilleurs connaisseurs fran&#xE7;ais des populations berb&#xE8;res, en particulier des ph&#xE9;nom&#xE8;nes de contact entre les races et les cultures, et des changements qu'ils provoquent. L&#x2019;&#xE9;tude de ces contacts doit d&#xE9;boucher &#xE0; ses yeux sur une action&#xA0;: faire &#xE9;voluer et r&#xE9;former au mieux des int&#xE9;r&#xEA;ts de la m&#xE9;tropole et des peuples colonis&#xE9;s eux-m&#xEA;mes, des territoires soumis &#xE0; des liens d'interd&#xE9;pendance. Ses int&#xE9;r&#xEA;ts croisent la sociologie durkheimienne sur la mani&#xE8;re dont le fait social est consid&#xE9;r&#xE9; et analys&#xE9;, et il &#xE9;crit &#xE0; diverses reprises sur l'int&#xE9;r&#xEA;t et la port&#xE9;e scientifique de la sociologie durkheimienne. Il publie aussi dans L'Ann&#xE9;e sociologique et les Annales sociologiques, mais ne sera jamais un durkheimien au sens fort du terme. L'attitude de Maunier durant l'Occupation et la sanction dont il a fait l'objet ont brutalement interrompu une carri&#xE8;re, et nui &#xE0; la propagation de ses id&#xE9;es. Si bien qu'il n'a pas eu la post&#xE9;rit&#xE9; qu'il aurait m&#xE9;rit&#xE9;e.</subfield>
  </datafield>
  <datafield tag="520" ind1=" " ind2=" ">
    <subfield code="a">Ren&#xE9; Maunier (1887&#x2013;1951) developed an interest in foreign countries and local cultures, following a posting to Cairo and then Algiers. A professor of colonial economics and legislation from 1922 onwards, he held several positions in the colonial administration, specializing in &#x2018;Algerian sociology&#x2019;. Through fieldwork, he became one of France's foremost experts on Berber populations, and in particular on the phenomena of contact between races and cultures, and the changes they bring about. In his eyes, the study of these contacts should lead to action: to bring about change and reform, in the best interests of the metropolis and the colonized peoples themselves, in territories subject to interdependence. His interests intersect with Durkheimian sociology in the way social facts are considered and analyzed, and he writes on several occasions about the interest and scientific scope of Durkheimian sociology. He also published in L'Ann&#xE9;e Sociologique and Annales Sociologiques, but was never a Durkheimian in the full sense of the term. Maunier's attitude during the Occupation and the sanctions imposed on him brought his career to an abrupt halt, and harmed the spread of his ideas. As a result, he did not enjoy the posterity he would have deserved.</subfield>
  </datafield>
  <datafield tag="690" ind1=" " ind2=" ">
    <subfield code="a">sociologie urbaine</subfield>
  </datafield>
  <datafield tag="690" ind1=" " ind2=" ">
    <subfield code="a">Maunier</subfield>
  </datafield>
  <datafield tag="690" ind1=" " ind2=" ">
    <subfield code="a">races</subfield>
  </datafield>
  <datafield tag="690" ind1=" " ind2=" ">
    <subfield code="a">Durkheim</subfield>
  </datafield>
  <datafield tag="690" ind1=" " ind2=" ">
    <subfield code="a">cultures</subfield>
  </datafield>
  <datafield tag="690" ind1=" " ind2=" ">
    <subfield code="a">urban sociology</subfield>
  </datafield>
  <datafield tag="690" ind1=" " ind2=" ">
    <subfield code="a">Alg&#xE9;rie</subfield>
  </datafield>
  <datafield tag="690" ind1=" " ind2=" ">
    <subfield code="a">Algeria</subfield>
  </datafield>
  <datafield tag="690" ind1=" " ind2=" ">
    <subfield code="a">colonies</subfield>
  </datafield>
  <datafield tag="786" ind1="0" ind2=" ">
    <subfield code="n">&#xC9;tudes Durkheimiennes | 27 | 1 | 2024-02-19 | p. 1-17 | 1362-024X</subfield>
  </datafield>
  <datafield tag="856" ind1="4" ind2="1">
    <subfield code="u">https://shs.cairn.info/revue-etudes-durkheimiennes-2023-1-page-1?lang=fr</subfield>
  </datafield>
  <datafield tag="999" ind1=" " ind2=" ">
    <subfield code="c">135329</subfield>
    <subfield code="d">135329</subfield>
  </datafield>
</record>
